Box Office Decades: 2020s - Statistics

General Stats
  • This quiz has been taken 329 times
    74 since last reset
  • The average score is 26 of 70
Answer Stats
Year $$$ Movie % Correct
2021 $1.92B Spider-Man: No Way Home
83%
2023 $1.44B Barbie
80%
2022 $2.33B Avatar: The Way of Water
78%
2023 $975M Oppenheimer
78%
2024 $1.33B Deadpool & Wolverine
65%
2022 $770M The Batman
63%
2025 $1.46B Avatar: Fire and Ash
60%
2022 $1.49B Top Gun: Maverick
60%
2022 $955M Doctor Strange in the Multiverse of Madness
58%
2024 $1.69B Inside Out 2
58%
2022 $859M Black Panther: Wakanda Forever
55%
2022 $939M Minions: The Rise of Gru
55%
2025 $616M Superman
55%
2023 $1.36B The Super Mario Bros. Movie
55%
2022 $760M Thor: Love and Thunder
53%
2021 $402M Dune
50%
2023 $845M Guardians of the Galaxy Vol. 3
50%
2020 $365M Tenet
50%
2025 $1.83B Zootopia 2
50%
2024 $714M Dune: Part Two
48%
2022 $1.00B Jurassic World Dominion
48%
2024 $1.05B Moana 2
48%
2021 $379M Black Widow
45%
2024 $972M Despicable Me 4
45%
2023 $570M Mission: Impossible - Dead Reckoning Part One
45%
2021 $432M Shang-Chi and the Legend of the Ten Rings
45%
2025 $961M A Minecraft Movie
43%
2021 $402M Eternals
43%
2025 $869M Jurassic World Rebirth
43%
2020 $319M Sonic the Hedgehog
43%
2020 $426M Bad Boys for Life
38%
2025 $654M F1: The Movie
38%
2025 $598M Mission: Impossible - The Final Reckoning
35%
2021 $774M No Time to Die
35%
2023 $690M Spider-Man: Across the Spider-Verse
35%
2025 $1.03B Lilo & Stitch
33%
2024 $756M Wicked
33%
2024 $572M Godzilla x Kong: The New Empire
30%
2026 $73M Send Help
30%
2024 $492M Sonic the Hedgehog 3
30%
2020 $121M Soul
30%
2023 $496M Elemental
28%
2021 $470M Godzilla vs. Kong
28%
2025 $636M How to Train Your Dragon
28%
2024 $547M Kung Fu Panda 4
28%
2024 $722M Mufasa: The Lion King
28%
2021 $506M Venom: Let There Be Carnage
28%
2025 $525M Wicked: For Good
28%
2021 $726M F9: The Fast Saga
25%
2023 $569M The Little Mermaid
25%
2023 $634M Wonka
25%
2026 $56M 28 Years Later: The Bone Temple
23%
2023 $704M Fast X
23%
2022 $481M Puss in Boots: The Last Wish
23%
2020 $169M Wonder Woman 1984
23%
2026 $82M Wuthering Heights
23%
2020 $205M Birds of Prey
20%
2026 $47M GOAT
20%
2020 $141M Onward
20%
2021 $408M Sing 2
20%
2022 $407M Fantastic Beasts: The Secrets of Dumbledore
18%
2026 $39M Greenland 2: Migration
13%
2026 $43M Iron Lung
13%
2020 $215M The Croods: A New Age
13%
2020 $144M The Invisible Man
13%
2020 $251M Dolittle
10%
2026 $52M Mercy
10%
2026 $34M Shelter
10%
2026 $40M Primate
8%
2026 $41M Return to Silent Hill
5%
No matching quizzes found
Score Distribution
Percent of People with Each Score
Percentile by Number Answered
Your Score History
You have not taken this quiz since the last reset